Kỹ thuật chiếu sáng: những khái niệm cơ sở, thiết kế chiếu sáng
Đề cập đến ghi phát tín hiệu video; Mạch điện điều khiển tốc độ đầu từ, băng từ; Mạch xử lí tín hiệu video
Đã lưu trong:
| Tác giả chính: | |
|---|---|
| Định dạng: | Sách |
| Năm xuất bản: |
H.
Khoa học và kỹ thuật
1996
|
| Chủ đề: | |
| Tags: |
Thêm thẻ
Không có thẻ, Hãy là người đầu tiên gắn thẻ bản ghi này!
|
| LEADER | 00828nam a2200169 4500 | ||
|---|---|---|---|
| 082 | |a 621.32 |b V105D | ||
| 100 | |a Vandeplanque, Patrick | ||
| 245 | |a Kỹ thuật chiếu sáng: những khái niệm cơ sở, thiết kế chiếu sáng |c Patrick Vandeplanque; Lê Văn Doanh, Đặng Văn Đào dịch | ||
| 260 | |a H. |b Khoa học và kỹ thuật |c 1996 | ||
| 300 | |a 243 tr |c 19 cm | ||
| 520 | |a Đề cập đến ghi phát tín hiệu video; Mạch điện điều khiển tốc độ đầu từ, băng từ; Mạch xử lí tín hiệu video | ||
| 653 | |a Kỹ thuật | ||
| 653 | |a Kỹ thuật điện | ||
| 653 | |a Kỹ thuật chiếu sáng | ||
| 942 | |2 ddc |c SH | ||
| 999 | |c 7484 |d 7484 | ||
| 952 | |0 0 |1 0 |2 ddc |4 0 |6 621_320000000000000_V105D |7 0 |8 600 |9 67854 |a qbu |b qbu |c D3 |d 2015-02-10 |g 18000 |o 621.32 V105D |p 7138.c1 |r 0000-00-00 |w 2015-02-10 |y SH | ||